La Grenouille de Salamanque (notice n° 1605229)
[ vue normale ]
| 000 -LEADER | |
|---|---|
| fixed length control field | 01615cam a2200181 4500500 |
| 005 - DATE AND TIME OF LATEST TRANSACTION | |
| control field | 20251228094948.0 |
| 041 ## - LANGUAGE CODE | |
| Language code of text/sound track or separate title | fre |
| 042 ## - AUTHENTICATION CODE | |
| Authentication code | dc |
| 100 10 - MAIN ENTRY--PERSONAL NAME | |
| Personal name | Motoret, Laurence |
| Relator term | author |
| 245 00 - TITLE STATEMENT | |
| Title | La Grenouille de Salamanque |
| 260 ## - PUBLICATION, DISTRIBUTION, ETC. | |
| Date of publication, distribution, etc. | 2013.<br/> |
| 500 ## - GENERAL NOTE | |
| General note | 93 |
| 520 ## - SUMMARY, ETC. | |
| Summary, etc. | Difficile pour le touriste de quitter Salamanque sans la représentation d’une grenouille dans son bagage. Mais LA grenouille, la vraie, l’unique, est cachée dans les sculptures qui ornent la façade de la plus vieille université d’Espagne. Elle aurait le pouvoir secret de faire réussir aux examens les étudiants qui la distinguent au milieu des innombrables fioritures… |
| 520 ## - SUMMARY, ETC. | |
| Summary, etc. | It would be difficult for a tourist to leave Salamanca without at least one representation of a frog in his luggage. But the one true, unique frog is hidden in the sculptures that decorate the façade of Spain’s oldest university. It is said to grant those students who are able to locate it amongst innumerable flourishes the secret power to pass their exams. |
| 520 ## - SUMMARY, ETC. | |
| Summary, etc. | É impossível o turista deixar Salamanca sem levar na sua bagagem a representação de uma rã. Mas A rã, a verdadeira e única rã, é a que se esconde por entre as esculturas que ornamentam a fachada da mais antiga universidade de Espanha. O seu segredo consistiria em garantir o sucesso nos exames aos estudantes que conseguissem vislumbrá-la no meio dos inúmeros adornos da fachada. |
| 786 0# - DATA SOURCE ENTRY | |
| Note | Sigila | 32 | 2 | 2013-10-01 | p. 109-113 | 1286-1715 |
| 856 41 - ELECTRONIC LOCATION AND ACCESS | |
| Uniform Resource Identifier | <a href="https://shs.cairn.info/revue-sigila-2013-2-page-109?lang=fr&redirect-ssocas=7080">https://shs.cairn.info/revue-sigila-2013-2-page-109?lang=fr&redirect-ssocas=7080</a> |
Pas d'exemplaire disponible.




Réseaux sociaux